Einfuhrung in Methoden und Ergebnisse der Primzahltheorie. (Record no. 142834)
[ view plain ]
| 000 -LEADER | |
|---|---|
| fixed length control field | 00940cam5a220026500 4500 |
| 001 - CONTROL NUMBER | |
| control field | lcf00036523 |
| 008 - FIXED-LENGTH DATA ELEMENTS--GENERAL INFORMATION | |
| fixed length control field | 840523s1969 gw a b 000 0 ger |
| 010 ## - LIBRARY OF CONGRESS CONTROL NUMBER | |
| LC control number | 72317240 //r84 |
| 015 ## - NATIONAL BIBLIOGRAPHY NUMBER | |
| National bibliography number | GDB69-A46-687 |
| 020 ## - INTERNATIONAL STANDARD BOOK NUMBER | |
| Terms of availability | DM8.90 |
| 035 ## - SYSTEM CONTROL NUMBER | |
| System control number | (Sirsi) r12080 |
| 035 ## - SYSTEM CONTROL NUMBER | |
| System control number | (DLC) 72317240 //r84 |
| 035 ## - SYSTEM CONTROL NUMBER | |
| System control number | (UPRA)lcf00036523 |
| 040 ## - CATALOGING SOURCE | |
| Original cataloging agency | DLC/ICU |
| Transcribing agency | ICU |
| 050 0# - LIBRARY OF CONGRESS CALL NUMBER | |
| Classification number | QA246 |
| Item number | .S39 |
| 100 1# - MAIN ENTRY--PERSONAL NAME | |
| Personal name | Schwarz, Wolfgang, 1934- |
| Dates associated with a name | Schwarz, Wolfgang, 1934- |
| Linkage | A66519.1 |
| 245 10 - TITLE STATEMENT | |
| Title | Einfuhrung in Methoden und Ergebnisse der Primzahltheorie. |
| 260 ## - PUBLICATION, DISTRIBUTION, ETC. | |
| Place of publication, distribution, etc. | Mannheim, Wien, Zurich, |
| -- | Mannheim, Wien, Zurich, |
| -- | Mannheim, Wien, Zurich, |
| Name of publisher, distributor, etc. | Bibliographisches Inst. |
| Date of publication, distribution, etc. | (1969) |
| 490 1# - SERIES STATEMENT | |
| Series statement | B.I.-Hochschultaschenbucher, |
| Volume/sequential designation | 278/278a |
| 504 ## - BIBLIOGRAPHY, ETC. NOTE | |
| Bibliography, etc. note | Bibliography: p. [218]-224. |
| 650 #0 - SUBJECT ADDED ENTRY--TOPICAL TERM | |
| Topical term or geographic name entry element | Numbers, Prime. |
| Linkage | S35369.1 |
| 830 #0 - SERIES ADDED ENTRY--UNIFORM TITLE | |
| Uniform title | B. I.-Hochschultaschenbucher ; |
| Volume/sequential designation | 278/278a. |
| Linkage | S10611.1 |
| 949 ## - LOCAL PROCESSING INFORMATION (OCLC) | |
| a | QA246 |
| w | lcc |
| i | -4881 |
| m | MAIN |
| t | BOOK |
| l | ON-SHELF |
No items available.